Child labour : (Record no. 38394)

MARC details
000 -LEADER
fixed length control field 00871nam a22002297a 4500
005 - DATE AND TIME OF LATEST TRANSACTION
control field 20100731121034.0
010 ## - LCCN (DPL NO)
LC control number ENG-97456
020 ## - INTERNATIONAL STANDARD BOOK NUMBER
International Standard Book Number 9788184840056
Terms of availability 450.00
035 ## - SYSTEM CONTROL NUMBER
System control number EN-80989
037 ## - SOURCE OF ACQUISITION
Source of stock number/acquisition DBAD/PUB
082 ## - DEWEY DECIMAL CLASSIFICATION NUMBER
Classification number 331.31
100 ## - MAIN ENTRY--PERSONAL NAME
Personal name Chhina, S.S.
245 ## - TITLE STATEMENT
Title Child labour :
Remainder of title problem and policy implications /
Statement of responsibility, etc by S.S. Chhina; foreword by Padam Bhushan (and) Inderjit Kaur
260 ## - PUBLICATION, DISTRIBUTION, ETC. (IMPRINT)
Place of publication, distribution, etc New Delhi
Name of publisher, distributor, etc Regal Publications
Date of publication, distribution, etc 2009
270 ## - ADDRESS
Address F-159, Rajouri Garden,
City New Delhi
Postal code 110 027
300 ## - PHYSICAL DESCRIPTION
Extent x, 109p.
Dimensions 22 cm (Hb)
500 ## - GENERAL NOTE
General note Includes bibliagraphcal references and index
700 ## - ADDED ENTRY--PERSONAL NAME
Personal name Bhushan, Padam
9 (RLIN) 3124
700 ## - ADDED ENTRY--PERSONAL NAME
Personal name Kaur, Inderjit
9 (RLIN) 3125
942 ## - ADDED ENTRY ELEMENTS (KOHA)
Source of classification or shelving scheme Dewey Decimal Classification
Item type English Books
Classification part 331.31
Call number suffix CHH
Holdings
Withdrawn status Lost status Not for loan Collection code Home library Current library Date acquired Source of acquisition Cost, normal purchase price Full call number Barcode Copy number Cost, replacement price Koha item type
    Not For Loan Non-fiction D.B.Act.Division D.B.Act.Division 31/07/2010 DBAD/PUB 450.00 331.31 CHI EN-80989 1 450.00 English Books

© Delhi Public Library
Hit Counter
free hit counter